000 00688nam a2200229Ia 4500
003 OSt
005 20220926040108.0
006 a|||||r|||| 00| 0
007 ta
008 220923b |||||||| |||| 00| 0 eng d
037 _cGeneral Book
040 _aRTL
_cRTL
_beng
041 _2eng
_aeng
082 _aX:77-6.1-1.N60, K2
110 _aOrganisation for Economic Cooperation and Development
245 0 _aFlow of financial resources to countries in course
260 _c1962
650 _aEconomic Development
_917300
700 _aOrganisation for Economic Cooperation and Development
942 _hX:77-6.1-1.N60, K2
_cGB
_2CC
999 _c663857
_d663857